000 00925nam a2200289 i 4500
001 16166
003 ES-MaACL
005 20250805062421.0
007 t|
008 000706s2000 sp ||||0| spa j
020 _a84-239-9752-9
040 _aM-BN
_bspa
_cM-BN
080 _a929 Carlos (460) I
080 _a946.0"1516/56"
100 1 _aFernández Álvarez, Manuel,
_d1921-2010
_949458
245 1 0 _aCarlos V, el césar y el hombre /
_cManuel Fernández Alvarez.
250 _a4ª ed.
260 _aMadrid :
_bEspasa-Calpe,
_c2000.
300 _a887 p., [24] p. de lám. ;
_c23 cm.
490 1 _aEspasa fórum
500 _aEn la port.: Fundación Academia Europea de Yuste.
600 0 4 _aCarlos
_bI,
_cRey de España
_935296
651 4 _aEspaña-
_xHistoria-
_y1516-1556, Carlos I.
_98224
830 0 _aEspasa fórum
_9179708
852 _aES-MaACL
_jL-23445
_bR.128406
999 _c16166
_d16166